| 000 | 01083nam a2200289 a 4500 | ||
|---|---|---|---|
| 001 | 1346 | ||
| 003 | BR-CuiBMT | ||
| 005 | 20231206184950.0 | ||
| 008 | 231205s2014 dfb 000 0 por d | ||
| 020 | _a9788588652804 | ||
| 040 |
_aBR-CuiBMT _cBR-CuiBMT |
||
| 080 |
_a347.964.1:331.1 _22007 |
||
| 090 |
_a347.964.1:331.1 _bC236 |
||
| 111 | 1 | 0 |
_aCurso de Ingresso e Vitaliciamento para Procuradores do Trabalho _n8. _cBrasília. |
| 245 | 1 | 0 |
_aCapacitar : _bVIII curso de ingresso e vitaliciamento para procuradores do trabalho / _c[organização] Augusto Grieco Sant'Anna Meirinho ... [et al.] |
| 246 | _aVIII curso de ingresso e vitaliciamento para procuradores do trabalho. | ||
| 260 |
_aBrasília : _bESMUP, _c2014. |
||
| 300 |
_a278 p.: _c22 cm |
||
| 490 | 1 |
_aSérie Capacitar _vv. 2 |
|
| 504 | _aInclui bibliografia. | ||
| 610 |
_aBrasil _b Ministério Público do Trabalho. |
||
| 650 |
_aDireito do trabalho _zBrasil |
||
| 650 | _aMeio ambiente do trabalho | ||
| 710 | _aEscola Superior do Ministério Público da União | ||
| 830 |
_aCapacitar _v2 |
||
| 942 |
_2udc _cLV |
||
| 999 |
_c1346 _d1346 |
||